000 00435nam a2200181Ia 4500
005 20250603144421.0
008 250603s9999 xx 000 0 und d
020 _a9788121920414
050 _aHF 5667 .T36/
100 _aTandon, B. N.
245 2 _aA handbook of practical auditing
260 _aNew Delhi
260 _bS. Chand & Company Pvt. Ltd.
260 _c2014
300 _a653 p
650 _aNew Delhi
942 _cBK
999 _c38858
_d38858